[Event "IRI-ch U16"]
[Site "Chess.com INT"]
[Date "2021.01.16"]
[Round "2"]
[White "Akbari, Danial"]
[Black "Looni, Arshiya"]
[Result "0-1"]
[WhiteElo "1191"]
[BlackElo "1647"]
[PlyCount "114"]
[EventDate "2021.01.16"]
[EventType "swiss"]
[EventRounds "11"]
[EventCountry "IRI"]
[SourceTitle "EXT 2022"]
[Source "ChessBase"]
[SourceDate "2021.10.06"]
[SourceVersion "1"]
[SourceVersionDate "2021.10.06"]
[SourceQuality "1"]

1. e4 d5 2. exd5 Qxd5 3. Nc3 Qd6 4. d4 Nc6 5. Be3 Nf6 6. h3 Bf5 7. Nf3 e6 8. Bd3 Bg6 9. Qd2 0-0-0 10. 0-0-0 Nd5 11. Bxg6 hxg6 12. Nxd5 Qxd5 13. Kb1 Be7 14. a3 Qb5 15. Qd3 Rh5 16. g4 Qxd3 17. Rxd3 Rhd5 18. c4 R5d7 19. Rd2 f6 20. Rhd1 e5 21. d5 Na5 22. Rc1 b6 23. b4 Nb3 24. Rcc2 Nxd2+ 25. Rxd2 c6 26. dxc6 Rxd2 27. Nxd2 Kc7 28. Kc2 Kxc6 29. f4 Rh8 30. fxe5 fxe5 31. Nf3 Bd6 32. Ng5 Be7 33. Nf7 Rxh3 34. Nxe5+ Kb7 35. Kd2 g5 36. Nd3 Rg3 37. Nf2 Bf6 38. Ke2 Rg2 39. Kf3 Rh2 40. Kg3 Rh8 41. Ne4 Rd8 42. Bxg5 Rd3+ 43. Kf4 Bxg5+ 44. Nxg5 Rxa3 45. Kf5 Rc3 46. Nf7 Kc6 47. Ne5+ Kd6 48. Nf7+ Ke7 49. Ne5 a6 50. g5 Rc1 51. Kg6 Ke6 52. Nf3 Rxc4 53. Nd2 Rxb4 54. Kxg7 Rg4 55. Kh6 a5 56. g6 Kf6 57. g7 Rh4# 0-1

[Event "IRI-ch U16"]
[Site "Chess.com INT"]
[Date "2021.01.16"]
[Round "1"]
[White "Looni, Arshiya"]
[Black "Amoozad Mahdiraji, Ali"]
[Result "0-1"]
[WhiteElo "1647"]
[BlackElo "1130"]
[PlyCount "80"]
[EventDate "2021.01.16"]
[EventType "swiss"]
[EventRounds "11"]
[EventCountry "IRI"]
[SourceTitle "EXT 2022"]
[Source "ChessBase"]
[SourceDate "2021.10.06"]
[SourceVersion "1"]
[SourceVersionDate "2021.10.06"]
[SourceQuality "1"]

1. Nf3 Nf6 2. d4 e6 3. Bf4 c5 4. e3 cxd4 5. exd4 d6 6. Bd3 Be7 7. h3 b6 8. 0-0 Bb7 9. Nbd2 Nbd7 10. c3 0-0 11. Re1 Re8 12. Nc4 Nf8 13. Na3 a6 14. Nc4 Ng6 15. Bg3 Nh5 16. Bh2 Nhf4 17. Bc2 b5 18. Ncd2 Bg5 19. Be4 Bxe4 20. Nxe4 Bh6 21. Ng3 Qd7 22. Ne2 Rec8 23. Nxf4 Nxf4 24. Re4 Nd5 25. Nd2 Rxc3 26. bxc3 Nxc3 27. Qc2 Bxd2 28. Rh4 Bh6 29. Qxc3 Rc8 30. Qg3 Qc6 31. f3 Be3+ 32. Kf1 Qc4+ 33. Ke1 Qc3+ 34. Ke2 Qd2+ 35. Kf1 Qd3+ 36. Ke1 Bd2+ 37. Kf2 Be3+ 38. Ke1 Rc2 39. Qxg7+ Kxg7 40. Rg4+ Kh8 0-1

[Event "IRI-ch U16"]
[Site "Chess.com INT"]
[Date "2021.01.16"]
[Round "10"]
[White "Looni, Arshiya"]
[Black "Rajabi, Mohamad Sadra"]
[Result "1-0"]
[WhiteElo "1647"]
[BlackElo "1163"]
[PlyCount "57"]
[EventDate "2021.01.16"]
[EventType "swiss"]
[EventRounds "11"]
[EventCountry "IRI"]
[SourceTitle "EXT 2022"]
[Source "ChessBase"]
[SourceDate "2021.10.06"]
[SourceVersion "1"]
[SourceVersionDate "2021.10.06"]
[SourceQuality "1"]

1. Nf3 d5 2. d4 Nf6 3. c4 c6 4. Nc3 e6 5. Bg5 Be7 6. e3 0-0 7. Bd3 h6 8. Bh4 Nbd7 9. 0-0 Qc7 10. a3 Bd6 11. c5 Be7 12. Bc2 e5 13. dxe5 Nxe5 14. Nxe5 Qxe5 15. Qd3 g6 16. b4 Bf5 17. Qd2 Ne4 18. Nxe4 Bxe4 19. f4 Qe6 20. f5 Bxf5 21. Bxf5 gxf5 22. Bxe7 Qxe7 23. Rxf5 Rfe8 24. Re1 Qe4 25. Qf2 Rf8 26. Rf1 Qe6 27. Rf6 Qe7 28. Rxh6 Rfb8 29. Qg3+ 1-0